[Event "IRI-chT 14th"]
[Site "Tehran"]
[Date "2015.09.17"]
[Round "7.4"]
[White "Khaghani, Babak"]
[Black "Omidi, Arya"]
[Result "0-1"]
[WhiteElo "2288"]
[BlackElo "2252"]
[PlyCount "108"]
[EventDate "2015.07.17"]
[EventType "team-tourn"]
[EventRounds "13"]
[EventCountry "IRI"]
[SourceTitle "EXT 2016"]
[Source "ChessBase"]
[SourceDate "2015.10.08"]
[SourceVersion "1"]
[SourceVersionDate "2015.10.08"]
[SourceQuality "1"]
[WhiteTeam "Sarmaye Bank"]
[BlackTeam "Rasht Donyaye Felez"]
[WhiteTeamCountry "IRI"]
[BlackTeamCountry "IRI"]

1. d4 Nf6 2. c4 g6 3. Nc3 d5 4. Qb3 dxc4 5. Qxc4 Bg7 6. e4 c6 7. e5 Nd5 8. Qb3 Nb6 9. Be3 0-0 10. Rd1 Be6 11. Qc2 a5 12. Nf3 Na6 13. a3 Nc7 14. Bd3 a4 15. Qe2 Bb3 16. Rc1 Nbd5 17. Ne4 Ne6 18. Qd2 f5 19. exf6 exf6 20. 0-0 f5 21. Bg5 Qc7 22. Nc5 Nxc5 23. Rxc5 f4 24. Bh4 Qd6 25. Bb1 Rae8 26. Rcc1 Nc7 27. Bc2 Bd5 28. Bxa4 Bxf3 29. gxf3 Qd5 30. Rfe1 Ne6 31. Qd3 Nxd4 32. Kg2 g5 33. Re4 gxh4 34. Rce1 Rxe4 35. Rxe4 b5 36. Bd1 Qg5+ 37. Kf1 h3 38. Rxd4 Bxd4 39. Qxd4 Qd5 40. Qxd5+ cxd5 41. Bb3 Rf5 42. Ke2 Rg5 43. Kf1 Kf8 44. Bc2 h5 45. Bd3 Rg2 46. Bxb5 Rxh2 47. Kg1 Rg2+ 48. Kh1 Rxf2 49. b4 Rxf3 50. Bc6 Rxa3 51. Bxd5 Ke7 52. Kh2 Kd6 53. Bf7 h4 54. Bh5 Rg3 0-1

[Event "Tehran Behin Cup 2nd"]
[Site "Tehran"]
[Date "2014.11.19"]
[Round "5"]
[White "Khaghani, Babak"]
[Black "Toufighi, Homayoon"]
[Result "1-0"]
[WhiteElo "2320"]
[BlackElo "2440"]
[PlyCount "71"]
[EventDate "2014.11.15"]
[EventType "swiss"]
[EventRounds "9"]
[EventCountry "IRI"]
[SourceTitle "CBM 163 Extra"]
[Source "ChessBase"]
[SourceDate "2014.12.23"]
[SourceVersion "1"]
[SourceVersionDate "2014.12.23"]
[SourceQuality "1"]

1. d4 d6 2. c4 e5 3. Nf3 Nd7 4. Nc3 Ngf6 5. e4 Be7 6. Be2 c6 7. 0-0 a6 8. Re1 0-0 9. Bf1 b5 10. a3 Re8 11. d5 cxd5 12. cxd5 Rf8 13. b4 Ne8 14. a4 bxa4 15. Qxa4 Bb7 16. Be3 f5 17. exf5 Rxf5 18. Bd3 Rf7 19. Rec1 h6 20. Nd2 Bg5 21. Bg6 Rf8 22. Bxg5 hxg5 23. Nde4 Ndf6 24. Qd1 Bc8 25. Nxg5 Ng4 26. Nce4 Nef6 27. h3 Nxe4 28. Nxe4 Nf6 29. Nxf6+ gxf6 30. Qh5 Ra7 31. Rc3 Rg7 32. Rg3 Qc7 33. Bh7+ Kh8 34. Bf5+ Rh7 35. Bxh7 Qxh7 36. Qxh7+ 1-0

[Event "Izmir op"]
[Site "Izmir"]
[Date "2009.??.??"]
[Round "7"]
[White "Chigladze, Iveri"]
[Black "Khaghani, Babak"]
[Result "1-0"]
[WhiteElo "2419"]
[BlackElo "2308"]
[PlyCount "113"]
[EventDate "2009.08.20"]
[EventType "swiss"]
[EventRounds "9"]
[EventCountry "TUR"]
[SourceTitle "CBM 131 Extra"]
[Source "ChessBase"]
[SourceDate "2009.09.03"]
[SourceVersion "2"]
[SourceVersionDate "2009.09.16"]
[SourceQuality "1"]

1. d4 Nf6 2. c4 e6 3. Nc3 Bb4 4. Qc2 0-0 5. a3 Bxc3+ 6. Qxc3 b5 7. cxb5 c6 8. Bg5 cxb5 9. e3 Bb7 10. f3 h6 11. Bh4 Nc6 12. Bxb5 Rc8 13. Ne2 g5 14. Bg3 Na5 15. Qd3 a6 16. Ba4 Nc4 17. b4 Nd5 18. Bf2 Nb2 19. Qb3 Nxa4 20. Qxa4 Bc6 21. Qd1 Bb5 22. Qd2 a5 23. 0-0 axb4 24. axb4 f5 25. e4 fxe4 26. fxe4 Nf4 27. Nxf4 Bxf1 28. Nxe6 dxe6 29. Rxf1 Qd7 30. h4 Qg7 31. Qa2 Qg6 32. hxg5 hxg5 33. d5 Qxe4 34. dxe6 Rc2 35. Qb3 Kg7 36. e7 Re8 37. Qg3 Qd5 38. Re1 Rc4 39. Re5 Qd1+ 40. Be1 Qd4+ 41. Re3 Kg6 42. Qf2 Qb6 43. b5 Rc1 44. g4 Qc5 45. Re6+ Kg7 46. Qxc5 Rxc5 47. b6 Kf7 48. Re4 Rb5 49. Rb4 Rxb4 50. Bxb4 Ke6 51. Kf2 Kd5 52. Kf3 Kc6 53. Ke4 Kxb6 54. Kd5 Kc7 55. Ke6 Ra8 56. Ba5+ Kc6 57. Bd8 1-0

[Event "Urumia op 2nd"]
[Site "Urumia"]
[Date "2008.08.31"]
[Round "10"]
[White "Mammadov, Zaur Fazahir Oglu"]
[Black "Khaghani, Babak"]
[Result "0-1"]
[WhiteElo "2014"]
[BlackElo "2319"]
[PlyCount "50"]
[EventDate "2008.08.26"]
[EventType "swiss"]
[EventRounds "10"]
[EventCountry "IRI"]
[SourceTitle "CBM 126 Extra"]
[Source "ChessBase"]
[SourceDate "2008.11.05"]
[SourceVersion "1"]
[SourceVersionDate "2008.11.05"]
[SourceQuality "1"]

1. e4 c5 2. c3 g6 3. d4 cxd4 4. cxd4 d5 5. Nc3 dxe4 6. Bc4 Nf6 7. Qb3 e6 8. d5 exd5 9. Nxd5 Nxd5 10. Bxd5 Qe7 11. Bd2 Nc6 12. Bxc6+ bxc6 13. Qc3 e3 14. Qxc6+ Qd7 15. Qe4+ Be7 16. Qxe3 0-0 17. 0-0-0 Qa4 18. Qb3 Qc6+ 19. Qc3 Qxg2 20. Qe5 Bf5 21. Qxe7 Rfe8 22. Qh4 Qxh1 23. Bc3 Rac8 24. Qf6 Rxc3+ 25. bxc3 Qe4 0-1

[Event "Urumia op 2nd"]
[Site "Urumia"]
[Date "2008.08.29"]
[Round "6"]
[White "Samadi, Hadi"]
[Black "Khaghani, Babak"]
[Result "0-1"]
[WhiteElo "2136"]
[BlackElo "2319"]
[PlyCount "62"]
[EventDate "2008.08.26"]
[EventType "swiss"]
[EventRounds "10"]
[EventCountry "IRI"]
[SourceTitle "CBM 126 Extra"]
[Source "ChessBase"]
[SourceDate "2008.11.05"]
[SourceVersion "1"]
[SourceVersionDate "2008.11.05"]
[SourceQuality "1"]

1. c4 e5 2. Nc3 Nc6 3. Nf3 Nf6 4. d3 d5 5. cxd5 Nxd5 6. e4 Nf6 7. Be2 h6 8. 0-0 Bc5 9. a3 a6 10. Be3 Ba7 11. Bxa7 Rxa7 12. h3 g5 13. Qd2 Be6 14. Qe3 Qd6 15. Na4 b6 16. b4 g4 17. hxg4 Nxg4 18. Qd2 Ra8 19. Rac1 Bd7 20. Nb2 b5 21. Rc5 Rg8 22. Nh2 Nxh2 23. Kxh2 Nd4 24. Qe3 Ke7 25. f3 Qf6 26. Rf2 Ne6 27. Rc1 Qh4+ 28. Kg1 Rg3 29. Nd1 Rag8 30. Nc3 Rh3 31. Nd5+ Kd8 0-1

[Event "Urumia op 2nd"]
[Site "Urumia"]
[Date "2008.08.28"]
[Round "5"]
[White "Khaghani, Babak"]
[Black "Toufighi, Homayoon"]
[Result "0-1"]
[WhiteElo "2319"]
[BlackElo "2425"]
[PlyCount "94"]
[EventDate "2008.08.26"]
[EventType "swiss"]
[EventRounds "10"]
[EventCountry "IRI"]
[SourceTitle "CBM 126 Extra"]
[Source "ChessBase"]
[SourceDate "2008.11.05"]
[SourceVersion "1"]
[SourceVersionDate "2008.11.05"]
[SourceQuality "1"]

1. d4 e6 2. c4 Nf6 3. Nc3 Bb4 4. e3 0-0 5. Nge2 d5 6. a3 Be7 7. Nf4 Bd6 8. Qf3 c6 9. Bd3 dxc4 10. Bxc4 e5 11. Nh5 Nxh5 12. Qxh5 Nd7 13. 0-0 Nf6 14. Qh4 Bf5 15. Qg5 exd4 16. Qxf5 dxc3 17. bxc3 Qc7 18. h3 Rfe8 19. Qc2 Re7 20. Rb1 Rae8 21. Bd3 Qa5 22. c4 Qe5 23. f4 Qc5 24. Qf2 b6 25. g4 Ne4 26. Qc2 h6 27. Kg2 Bc7 28. Re1 g5 29. Bb2 Qa5 30. Rbd1 Nc5 31. Bh7+ Kf8 32. Bc3 Qxa3 33. Ra1 Qb3 34. Qxb3 Nxb3 35. Rxa7 Rxe3 36. Rxe3 Rxe3 37. Bf6 Bxf4 38. Rb7 Nc5 39. Ra7 Re6 40. Ra8+ Re8 41. Ra7 Be5 42. Bxe5 Rxe5 43. Rc7 Re6 44. Bf5 Rd6 45. Kf3 Kg7 46. Rc8 Nb3 47. Ke4 Nd2+ 0-1

[Event "IRI-chT"]
[Site "Iran"]
[Date "2005.09.30"]
[Round "11"]
[White "Madani, Kamran"]
[Black "Khaghani, Babak"]
[Result "1-0"]
[WhiteElo "2288"]
[BlackElo "2243"]
[PlyCount "67"]
[EventDate "2005.05.26"]
[EventType "team"]
[EventRounds "11"]
[EventCountry "IRI"]
[SourceTitle "CBM 106 Extra"]
[Source "ChessBase"]
[SourceDate "2005.07.01"]
[SourceVersion "1"]
[SourceVersionDate "2005.07.01"]
[SourceQuality "1"]

1. e4 c5 2. Nf3 g6 3. c4 Bg7 4. d4 cxd4 5. Nxd4 b6 6. Nc3 Bb7 7. Be3 Nf6 8. f3 Nc6 9. Be2 0-0 10. Qd2 e6 11. Nxc6 Bxc6 12. Rd1 Qe7 13. 0-0 d5 14. e5 Ne8 15. cxd5 exd5 16. f4 Nc7 17. Bf3 Rad8 18. Rfe1 Ba8 19. Qf2 f6 20. Bd4 Qf7 21. Qg3 fxe5 22. Bxe5 Bxe5 23. fxe5 d4 24. Ne4 Qxa2 25. Nf6+ Kg7 26. Qh4 h6 27. Bxa8 Nxa8 28. Rxd4 Rxd4 29. Qxd4 Qe6 30. Rc1 Rf7 31. h4 Re7 32. Qd8 Qxe5 33. Qg8+ Kxf6 34. Rf1+ 1-0

[Event "IRI-chT"]
[Site "Iran"]
[Date "2005.06.10"]
[Round "5"]
[White "Khaghani, Babak"]
[Black "Mohammadi, HR."]
[Result "1-0"]
[WhiteElo "2243"]
[BlackElo "2328"]
[PlyCount "161"]
[EventDate "2005.05.26"]
[EventType "team"]
[EventRounds "11"]
[EventCountry "IRI"]
[SourceTitle "CBM 106 Extra"]
[Source "ChessBase"]
[SourceDate "2005.07.01"]
[SourceVersion "1"]
[SourceVersionDate "2005.07.01"]
[SourceQuality "1"]

1. e4 c5 2. Nf3 d6 3. d4 cxd4 4. Nxd4 Nf6 5. Nc3 a6 6. f4 Qc7 7. a4 g6 8. Bd3 Bg7 9. 0-0 Ng4 10. Be2 Qc5 11. Bxg4 Qxd4+ 12. Kh1 Qxd1 13. Bxd1 Bxc3 14. bxc3 Nc6 15. Rb1 Na5 16. Be2 f5 17. Bd3 0-0 18. Be3 fxe4 19. Bxe4 Bf5 20. Bxb7 Nxb7 21. Rxb7 Kf7 22. Rc1 Rfb8 23. Rb4 a5 24. Rb3 Be6 25. Rb6 Rxb6 26. Bxb6 Rb8 27. Bc7 Rb7 28. Bd8 Rb2 29. Bxa5 Ra2 30. Kg1 Bf5 31. Re1 Rxa4 32. Bd8 e6 33. Rd1 d5 34. Rb1 Bxc2 35. Rb7+ Ke8 36. Bg5 h5 37. Re7+ Kf8 38. Rxe6 Be4 39. Kf2 Rc4 40. Ke3 Bf5 41. Rf6+ Ke8 42. Kd2 Kd7 43. h3 Ra4 44. g4 hxg4 45. hxg4 Bb1 46. Rb6 Be4 47. Bf6 Bf3 48. Be5 g5 49. fxg5 Rxg4 50. Bf6 Be4 51. Ke3 Bf5 52. Kf3 Re4 53. Bd4 Re6 54. Rb7+ Ke8 55. Kf4 Bg6 56. Be5 Rc6 57. Rg7 Re6 58. Rc7 Ra6 59. Rc5 Bf7 60. Bf6 Ra7 61. Bd4 Ra6 62. Kf5 Kd7 63. Bf6 Ra2 64. Be5 Rf2+ 65. Bf4 Rf3 66. Rc7+ Ke8 67. Ke5 Rf1 68. Kd6 Kf8 69. Be5 Rg1 70. Rc8+ Be8 71. Bf6 Rd1 72. Be7+ Kf7 73. g6+ Kxg6 74. Rxe8 d4 75. c4 d3 76. Rg8+ Kf5 77. Rg5+ Ke4 78. Rd5 Rg1 79. c5 Rg7 80. c6 Rg6+ 81. Kc5 1-0

[Event "IRI-chT"]
[Site "Iran"]
[Date "2005.05.27"]
[Round "2"]
[White "Khaghani, Babak"]
[Black "Moosavian, S Hamed"]
[Result "0-1"]
[WhiteElo "2243"]
[BlackElo "2240"]
[PlyCount "104"]
[EventDate "2005.05.26"]
[EventType "team"]
[EventRounds "11"]
[EventCountry "IRI"]
[SourceTitle "CBM 106 Extra"]
[Source "ChessBase"]
[SourceDate "2005.07.01"]
[SourceVersion "1"]
[SourceVersionDate "2005.07.01"]
[SourceQuality "1"]

1. d4 f5 2. c4 Nf6 3. Nc3 e6 4. Bf4 Bb4 5. Qb3 Bxc3+ 6. Qxc3 b6 7. Qg3 Qe7 8. Bxc7 Ne4 9. Qa3 Qxa3 10. bxa3 Nc6 11. e3 Ba6 12. f3 Nf6 13. Bd6 Na5 14. Rc1 Rc8 15. c5 Bxf1 16. Kxf1 Nb7 17. Ne2 Nxd6 18. cxd6 Kd8 19. Kf2 Ne8 20. e4 fxe4 21. fxe4 Nxd6 22. Rxc8+ Kxc8 23. Rc1+ Kb7 24. Ke3 Rf8 25. a4 Rf6 26. Nf4 Rh6 27. h3 g5 28. Nd3 Rh4 29. Nf2 Rf4 30. g3 Rf8 31. Nd3 Ne8 32. a5 Nc7 33. Ne5 d5 34. Rb1 dxe4 35. Kxe4 Nd5 36. Rb2 Rf5 37. axb6 axb6 38. Kd3 Rf1 39. h4 gxh4 40. gxh4 Rd1+ 41. Ke4 Nc3+ 42. Ke3 Rh1 43. Kd3 Rh3+ 44. Kc4 Nd5 45. Nd3 Rxh4 46. Nc5+ Kc6 47. Nxe6 Kd6 48. Rb5 Rh5 49. Ng7 Rg5 50. Ne8+ Kc6 51. Rb2 Rg3 52. Rb3 b5+ 0-1

[Event "IRI-chT"]
[Site "Iran"]
[Date "2005.05.26"]
[Round "1"]
[White "Paridar, Shadi"]
[Black "Khaghani, Babak"]
[Result "0-1"]
[WhiteElo "2263"]
[BlackElo "2243"]
[PlyCount "80"]
[EventDate "2005.05.26"]
[EventType "team"]
[EventRounds "11"]
[EventCountry "IRI"]
[SourceTitle "CBM 106 Extra"]
[Source "ChessBase"]
[SourceDate "2005.07.01"]
[SourceVersion "1"]
[SourceVersionDate "2005.07.01"]
[SourceQuality "1"]

1. e4 c5 2. c3 Nf6 3. e5 Nd5 4. d4 cxd4 5. Nf3 e6 6. cxd4 b6 7. Nc3 Nxc3 8. bxc3 Qc7 9. Bd2 Bb7 10. Bd3 d6 11. 0-0 Nd7 12. exd6 Bxd6 13. c4 0-0 14. Re1 Bf4 15. Bc3 Rfd8 16. Rb1 Rac8 17. Qe2 Qc6 18. Qb2 Nc5 19. Bc2 Na4 20. Bxa4 Qxa4 21. d5 Qxc4 22. Bxg7 Rxd5 23. Bh8 Bh6 24. Ne5 Qc2 25. Nxf7 Bf8 26. Qf6 Rf5 27. Qd4 Rxf7 28. Rb3 Bg7 29. Bxg7 Rxg7 30. Rg3 Rxg3 31. hxg3 Qc4 32. Qf6 Qd5 33. f3 Rf8 34. Qh6 Qd4+ 35. Kh2 Rf6 36. Qh5 Qd2 37. Qe8+ Kg7 38. Qe7+ Rf7 39. Qxe6 Bxf3 40. Qe5+ Rf6 0-1

[Event "Fajr op 13th"]
[Site "Tehran"]
[Date "2005.01.30"]
[Round "6"]
[White "Agaragimov, Djahangir"]
[Black "Khaghani, Babak"]
[Result "1-0"]
[WhiteElo "2157"]
[BlackElo "2240"]
[PlyCount "48"]
[EventDate "2005.01.04"]
[EventType "swiss"]
[EventRounds "9"]
[EventCountry "IRI"]
[SourceTitle "CBM 104 Extra"]
[Source "ChessBase"]
[SourceDate "2005.03.01"]
[SourceVersion "1"]
[SourceVersionDate "2005.03.01"]
[SourceQuality "1"]

1. d4 d5 2. c4 e6 3. Nf3 c6 4. Qc2 f5 5. g3 Nf6 6. Bg2 Bd6 7. 0-0 0-0 8. b3 Qe7 9. Bf4 Bxf4 10. gxf4 Nh5 11. Qc1 Qd6 12. e3 Bd7 13. Qa3 Qxa3 14. Nxa3 h6 15. Nc2 a5 16. Nfe1 Nf6 17. Nd3 Na6 18. Rfc1 Rac8 19. Bf1 Ne4 20. Re1 Be8 21. f3 Nf6 22. c5 Nb8 23. a4 Na6 24. Rab1 Nd7 1-0

[Event "Fajr op 12th"]
[Site "Esfahan"]
[Date "2004.02.08"]
[Round "2"]
[White "Ghaem Maghami, Ehsan"]
[Black "Khaghani, Babak"]
[Result "0-1"]
[WhiteElo "2549"]
[BlackElo "2198"]
[PlyCount "54"]
[EventDate "2004.02.07"]
[EventType "swiss"]
[EventRounds "9"]
[EventCountry "IRI"]
[SourceTitle "EXT 2005"]
[Source "ChessBase"]
[SourceDate "2004.11.15"]
[SourceVersion "1"]
[SourceVersionDate "2004.11.15"]
[SourceQuality "1"]

1. e4 c5 2. Nf3 d6 3. d4 cxd4 4. Nxd4 Nf6 5. Nc3 a6 6. Bc4 e6 7. Be3 b5 8. Bd3 Bb7 9. a3 Be7 10. Qe2 Nbd7 11. f4 0-0 12. 0-0 Rc8 13. Rad1 Qc7 14. Qf3 Nc5 15. Qh3 Rfe8 16. Qf3 Bf8 17. Nde2 d5 18. e5 d4 19. Qh3 dxc3 20. exf6 Nxd3 21. Rxd3 cxb2 22. fxg7 Bxg7 23. Bd4 Be4 24. f5 Bxf5 25. Rg3 Bxh3 26. Rxg7+ Kf8 27. Be5 b1Q 0-1